[Event "BCF-chT3N 1617 (4NCL)"]
[Site "England"]
[Date "2017.03.19"]
[Round "8.65"]
[White "Graham, Neil"]
[Black "Scattergood, Ben"]
[Result "1-0"]
[WhiteElo "1814"]
[BlackElo "1794"]
[PlyCount "65"]
[EventDate "2016.11.26"]
[EventType "team-swiss"]
[EventRounds "11"]
[EventCountry "ENG"]
[SourceTitle "EXT 2019"]
[Source "ChessBase"]
[SourceDate "2018.10.10"]
[SourceVersion "1"]
[SourceVersionDate "2018.10.10"]
[SourceQuality "1"]
[WhiteTeam "Ashfield Breadsall II"]
[BlackTeam "Holmes Chapel"]
[WhiteTeamCountry "ENG"]
[BlackTeamCountry "ENG"]

1. d4 Nf6 2. f3 e6 3. e4 d5 4. Be3 dxe4 5. Nd2 Nc6 6. c3 Nd5 7. Qe2 g6 8. fxe4 Nxe3 9. Qxe3 e5 10. d5 Nb8 11. Ngf3 Nd7 12. Bb5 Bg7 13. 0-0 0-0 14. Rad1 a6 15. Ba4 b5 16. Bb3 Nf6 17. Nxe5 Qd6 18. Nef3 Ng4 19. Qe1 Qb6+ 20. Kh1 Ne3 21. Qh4 Bf6 22. Ng5 h5 23. d6 Nxd1 24. Rxf6 Kg7 25. Qf4 Bf5 26. Bxd1 Kxf6 27. exf5 Kg7 28. f6+ Kg8 29. Nge4 Kh7 30. Bxh5 Rfe8 31. Bf3 Qf2 32. h3 cxd6 33. Nxf2 1-0

[Event "BCF-chT3N 1617 (4NCL)"]
[Site "England"]
[Date "2017.02.11"]
[Round "5.84"]
[White "Flores, Marcial"]
[Black "Scattergood, Ben"]
[Result "1-0"]
[WhiteElo "2065"]
[BlackElo "1794"]
[PlyCount "43"]
[EventDate "2016.11.26"]
[EventType "team-swiss"]
[EventRounds "11"]
[EventCountry "ENG"]
[SourceTitle "EXT 2019"]
[Source "ChessBase"]
[SourceDate "2018.10.10"]
[SourceVersion "1"]
[SourceVersionDate "2018.10.10"]
[SourceQuality "1"]
[WhiteTeam "Manchester Manticores II"]
[BlackTeam "Holmes Chapel"]
[WhiteTeamCountry "ENG"]
[BlackTeamCountry "ENG"]

1. Nf3 Nf6 2. g3 d5 3. Bg2 e6 4. 0-0 b6 5. b3 c5 6. Bb2 Bb7 7. d4 Nbd7 8. Nbd2 Rc8 9. c4 Bd6 10. Ne5 0-0 11. e3 Qc7 12. Ng4 cxd4 13. Nxf6+ Nxf6 14. exd4 Bb4 15. Rc1 Qd7 16. Nf3 Ba6 17. Ne5 Qe7 18. a3 dxc4 19. axb4 Qxb4 20. Nc6 Qd6 21. Ra1 c3 22. Ba3 1-0

[Event "BCF-chT3Nd 1516 (4NCL)"]
[Site "England"]
[Date "2016.04.30"]
[Round "9.119"]
[White "Scattergood, Ben"]
[Black "Slinger, Tony J"]
[Result "0-1"]
[WhiteElo "1920"]
[BlackElo "1934"]
[PlyCount "74"]
[EventDate "2016.03.20"]
[EventType "team-swiss"]
[EventRounds "11"]
[EventCountry "ENG"]
[SourceTitle "EXT 2017"]
[Source "ChessBase"]
[SourceDate "2016.10.25"]
[SourceVersion "1"]
[SourceVersionDate "2016.10.25"]
[SourceQuality "1"]
[WhiteTeam "Holmes Chapel"]
[BlackTeam "Bradford DCA Knights II"]
[WhiteTeamCountry "ENG"]
[BlackTeamCountry "ENG"]

1. e4 c5 2. Nf3 d6 3. d3 Nc6 4. g3 g6 5. Bg2 Bg7 6. 0-0 e6 7. c3 e5 8. a3 a5 9. Be3 Nge7 10. Nbd2 0-0 11. b4 axb4 12. axb4 Rxa1 13. Qxa1 cxb4 14. cxb4 Nxb4 15. Qa3 Nc2 16. Qb2 Nxe3 17. fxe3 Nc6 18. Nc4 d5 19. exd5 e4 20. Nd4 Nxd4 21. exd4 Qxd5 22. Ne5 Bxe5 23. dxe5 Qxd3 24. Re1 Bf5 25. Qxb7 Qd4+ 26. Kh1 Qxe5 27. g4 Bxg4 28. Qxe4 Qxe4 29. Rxe4 Be6 30. Re5 Rb8 31. Bf3 Rb2 32. h4 h5 33. Bxh5 gxh5 34. Rg5+ Kh7 35. Rxh5+ Kg6 36. Rg5+ Kh6 37. Re5 Rb4 0-1